<?xml version="1.0" encoding="UTF-8"?>
<collection xmlns="http://www.loc.gov/MARC21/slim">
 <record>
  <leader>01074nam a22002777a 4500</leader>
  <controlfield tag="001">33301</controlfield>
  <controlfield tag="003">BD-DhAAL</controlfield>
  <controlfield tag="005">20180709101300.0</controlfield>
  <controlfield tag="008">180709r19971990ii ||||| b||| 00| 0 eng d</controlfield>
  <datafield tag="999" ind1=" " ind2=" ">
   <subfield code="c">39621</subfield>
   <subfield code="d">39621</subfield>
  </datafield>
  <datafield tag="020" ind1=" " ind2=" ">
   <subfield code="a">8170581990</subfield>
  </datafield>
  <datafield tag="020" ind1=" " ind2=" ">
   <subfield code="a">9788170581994</subfield>
  </datafield>
  <datafield tag="040" ind1=" " ind2=" ">
   <subfield code="a">BD-DhAAL</subfield>
  </datafield>
  <datafield tag="082" ind1=" " ind2=" ">
   <subfield code="a">613.7</subfield>
  </datafield>
  <datafield tag="100" ind1=" " ind2=" ">
   <subfield code="a">Mother</subfield>
   <subfield code="9">26783</subfield>
  </datafield>
  <datafield tag="245" ind1=" " ind2=" ">
   <subfield code="a">Education, </subfield>
   <subfield code="n">part three :</subfield>
   <subfield code="b">physical education /</subfield>
   <subfield code="c">the Mother</subfield>
  </datafield>
  <datafield tag="250" ind1=" " ind2=" ">
   <subfield code="a">First edition</subfield>
  </datafield>
  <datafield tag="260" ind1=" " ind2=" ">
   <subfield code="a">Pondicherry :</subfield>
   <subfield code="b">Sri Aurobindo Ashram,</subfield>
   <subfield code="c">c1990 [second impression 1997]</subfield>
  </datafield>
  <datafield tag="300" ind1=" " ind2=" ">
   <subfield code="a">151 pages ;</subfield>
   <subfield code="c">19 cm</subfield>
  </datafield>
  <datafield tag="504" ind1=" " ind2=" ">
   <subfield code="a">Includes bibliographical references (pages 145-146).</subfield>
  </datafield>
  <datafield tag="526" ind1=" " ind2=" ">
   <subfield code="a">ARC</subfield>
  </datafield>
  <datafield tag="541" ind1=" " ind2=" ">
   <subfield code="e">33301</subfield>
  </datafield>
  <datafield tag="650" ind1=" " ind2=" ">
   <subfield code="a">Physical education and training</subfield>
   <subfield code="9">26780</subfield>
  </datafield>
  <datafield tag="852" ind1=" " ind2=" ">
   <subfield code="a">Department of Architecture</subfield>
   <subfield code="c">General Stacks</subfield>
  </datafield>
  <datafield tag="942" ind1=" " ind2=" ">
   <subfield code="2">ddc</subfield>
   <subfield code="c">BK</subfield>
  </datafield>
  <datafield tag="952" ind1=" " ind2=" ">
   <subfield code="0">0</subfield>
   <subfield code="1">1</subfield>
   <subfield code="2">ddc</subfield>
   <subfield code="4">0</subfield>
   <subfield code="6">613_700000000000000_MOT</subfield>
   <subfield code="7">0</subfield>
   <subfield code="9">63640</subfield>
   <subfield code="a">ARC</subfield>
   <subfield code="b">ARC</subfield>
   <subfield code="c">GEN</subfield>
   <subfield code="d">2018-07-09</subfield>
   <subfield code="l">0</subfield>
   <subfield code="o">613.7 MOT</subfield>
   <subfield code="p">3010033301</subfield>
   <subfield code="r">2018-07-09</subfield>
   <subfield code="t">1</subfield>
   <subfield code="w">2018-07-09</subfield>
   <subfield code="y">BK</subfield>
   <subfield code="x">lost from the ARC department library and approved by the Dean (reasons personal books withdrawn by Hasibul Kabir Sir and Building shifting)</subfield>
  </datafield>
 </record>
</collection>
